Statistics for Paul McCartney discography

Click here to take the quiz!

General Stats

  • This quiz has been taken 312 times
    (305 since last reset)
  • The average score is 17 of 24

Answer Stats

YearAnswer% Correct
1970McCartney
96%
1973 (Paul McCartney & Wings)Band On the Run
94%
1971 (With Linda McCartney)Ram
93%
1980McCartney II
84%
1975 (Wings)Venus and Mars
84%
1976 (Wings)Wings At the Speed Of Sound
80%
2013New
79%
1983Pipes Of Peace
79%
1982Tug Of War
79%
1979 (Wings)Back to the Egg
78%
1978 (Wings)London Town
78%
1973 (Paul McCartney & Wings)Red Rose Speedway
78%
1997Flaming Pie
76%
1971 (Wings)Wild Life
76%
1989Flowers In the Dirt
68%
2005Chaos and Creation In the Backyard
65%
1984Give My Regards To Broad Street
65%
1986Press to Play
63%
2007Memory Almost Full
61%
2012Kisses on the Bottom
57%
1993Off the Ground
52%
2001Driving Rain
51%
1999Run Devil Run
47%
1988Снова в СССР
33%

Score Distribution

Percentile by Number Answered

Percent of People with Each Score

Your Score History

You have not taken this quiz since the last reset